Evénements du 4 novembre - Statistiques

Statistiques générales
  • Ce quiz a été pris 49 fois
  • Le résultat moyen est 9 sur 15
Statistiques - réponses
Hint Réponse % Correct
Election de Barack Obama à la présidence des Etats-Unis 2008
97%
Sacre de Charles VI de France 1380
89%
Constitution de la IIe République 1848
78%
Election de Ronald Reagan à la présidence des Etats-Unis 1980
78%
Assassinat d'Yitzhak Rabin 1995
76%
Découverte du tombeau de Tontankhamon 1922
70%
Ouverture de l'antenne de Canal+ 1984
68%
Election de Dwigh Eisenhower à la présidence des Etats-Unis 1952
62%
Prise d'assaut de l'ambassade américaine à Téhéran 1979
57%
Concorde vole à Mach 2 1970
54%
Naissance de La Belle Otero 1868
49%
Les Etats-Unis proclament leur neutralité 1939
49%
Naissance de Marlène Jobert 1940
46%
Naissance de Gabriel Fauré 1845
32%
Décès de Félix Mendelssohn 1847
30%
Aucun quiz correspondant
Distribution des résultats
% des personnes avec chaque résultat
Percentile par nombre de réponses
Votre historique - résultats
Vous n’avez pas pris ce quiz